[Event "?"]
[Site "ICC 2 12 10/18/97, Internet C"]
[Date "1997.??.??"]
[Round "?"]
[White "Brause"]
[Black "paladin1"]
[Result "0-1"]
[WhiteElo "2690"]
[BlackElo "1965"]
[PlyCount "107"]

1. e4 e5 2. Nf3 Nc6 3. Nc3 Nf6 4. Nxe5 Nxe5 5. d4 Ng6 6. e5 Ng8 7. Bc4 Bb4 8.
Qf3 Qe7 9. O-O Bxc3 10. bxc3 Nh6 11. Re1 O-O 12. Bxh6 gxh6 13. Rab1 Kh8 14. Rf1
Nh4 15. Qe3 Qg5 16. Qe4 d5 17. Bxd5 c6 18. Bc4 Bf5 19. f4 Qg6 20. Qe2 Bh3 21.
Rf2 Rg8 22. Rxb7 Nxg2 23. Bxf7 Nxf4+ 24. Bxg6 Rxg6+ 25. Kh1 Rag8 26. Qe1 Be6
27. Rd7 Nh3 28. Rf1 Bxd7 29. Qg3 Rxg3 30. hxg3 Be6 31. Rf6 Bd5+ 32. Kh2 Ng5 33.
c4 Bf3 34. Rxh6 Rb8 35. g4 Ne4 36. Rh3 Bxg4 37. Re3 Bf5 38. Rf3 Be6 39. Rf4 Nd2
40. c5 Rg8 41. Rf2 Ne4 42. Rf4 Rg4 43. Rf8+ Kg7 44. Rf3 Nd2 45. Rf6 Bd5 46. Rf2
Nf3+ 47. Kh3 h5 48. Rxf3 Bxf3 49. c3 Kg6 50. a3 Kg5 51. Kh2 Kf4 52. c4 Rh4+ 53.
Kg1 Kg3 54. d5 0-1

[Event "?"]
[Site "ICC 2 12 10/18/97, Internet C"]
[Date "1997.??.??"]
[Round "?"]
[White "Brause"]
[Black "Barti"]
[Result "0-1"]
[WhiteElo "2680"]
[BlackElo "2330"]
[PlyCount "167"]

1. e4 e5 2. Nf3 Nc6 3. Nc3 Nf6 4. Nxe5 Nxe5 5. d4 Ng6 6. e5 Ng8 7. Bc4 d6 8.
Qf3 Be6 9. Qxb7 N8e7 10. Nb5 Rc8 11. Bxe6 fxe6 12. exd6 cxd6 13. Qxa7 Nc6 14.
Qa4 Qa5+ 15. Qxa5 Nxa5 16. h4 Rxc2 17. h5 Ne7 18. Nxd6+ Kd7 19. Nf7 Rg8 20. O-O
Nec6 21. Rd1 Be7 22. Ne5+ Nxe5 23. dxe5+ Kc8 24. Bd2 Nc6 25. Rac1 Rxc1 26. Rxc1
Kb7 27. Bc3 Rd8 28. a4 Rd5 29. f4 Bc5+ 30. Kh2 Be3 31. Rf1 Bd4 32. Bxd4 Rxd4
33. b3 Rb4 34. f5 Nxe5 35. fxe6 Kc6 36. Re1 Ng4+ 37. Kg1 Nf6 38. Re3 Kd6 39. e7
Kd7 40. Kf1 Ke8 41. a5 Nxh5 42. a6 Rb5 43. Kf2 Nf6 44. Kg1 Ra5 45. Re6 Kf7 46.
e8=Q+ Nxe8 47. Rb6 Ke7 48. b4 Ra1+ 49. Kh2 Nd6 50. Rb7+ Kf6 51. b5 Ra5 52. Rc7
Rxb5 53. Rd7 Nf5 54. a7 Ra5 55. Rc7 h5 56. Rc6+ Kg5 57. Rc7 g6 58. Kg1 Ra2 59.
Rf7 h4 60. Rd7 Kg4 61. Rc7 g5 62. Rc4+ Kh5 63. Rc5 Ne3 64. Rc8 Rxa7 65. Rh8+
Kg4 66. Re8 Nf5 67. Re1 Ng3 68. Kh2 Ra2 69. Ra1 Rf2 70. Kg1 Rb2 71. Ra4+ Kh5
72. Ra3 Ne2+ 73. Kh1 Rb1+ 74. Kh2 Ng3 75. Rxg3 hxg3+ 76. Kxg3 Rf1 77. Kh3 g4+
78. Kg3 Kg5 79. Kh2 Kf4 80. g3+ Ke3 81. Kg2 Rf2+ 82. Kg1 Kf3 83. Kh1 Kxg3 84.
Kg1 0-1

[Event "?"]
[Site "ICC 2 12 10/18/97, Internet C"]
[Date "1997.??.??"]
[Round "?"]
[White "Brause"]
[Black "DrTarrasch"]
[Result "0-1"]
[WhiteElo "2615"]
[BlackElo "2200"]
[PlyCount "129"]

1. e4 e5 2. Nf3 Nc6 3. Nc3 Nf6 4. Nxe5 Nxe5 5. d4 Ng6 6. e5 Ng8 7. Bc4 Bb4 8.
Qf3 Qe7 9. O-O Bxc3 10. bxc3 Nh6 11. Re1 O-O 12. Bxh6 gxh6 13. Rab1 d6 14. Ba6
c6 15. exd6 Qd7 16. Bc4 Qxd6 17. Qh5 Kg7 18. Qf3 Rb8 19. Rb4 Be6 20. Bxe6 fxe6
21. Qe4 Rf6 22. Reb1 b6 23. f3 Rbf8 24. Rc4 e5 25. Qe3 Re6 26. Ra4 Rf7 27. Re1
Rfe7 28. Qd2 a5 29. Re4 h5 30. Qg5 h4 31. Qg4 h6 32. Kf1 Kh7 33. a3 Qd5 34. c4
Qd7 35. c5 bxc5 36. dxc5 Qd1+ 37. Re1 Qxc2 38. Qc4 Qd2 39. Qe2 Qc3 40. Qe3 Qc2
41. Rxa5 e4 42. Re2 Qc4 43. f4 Rf6 44. g3 h3 45. Ke1 Rf8 46. Qd2 Rfe8 47. Re3
Rb8 48. Qd1 Rb2 49. Ra4 Qxc5 50. Rd4 Rc2 51. f5 Nf8 52. f6 Rf7 53. Rdxe4 Rc1
54. Ke2 Rxd1 55. Kxd1 Rxf6 56. Re7+ Kg6 57. R7e4 Rf2 58. Re2 Rg2 59. a4 h5 60.
a5 Qxa5 61. Re8 Nd7 62. R8e6+ Nf6 63. g4 c5 64. g5 Kxg5 65. R6e5+ 0-1

[Event "?"]
[Site "ICC 2 12 10/18/97, Internet C"]
[Date "1997.??.??"]
[Round "?"]
[White "Brause"]
[Black "DrTarrasch"]
[Result "0-1"]
[WhiteElo "2610"]
[BlackElo "2220"]
[PlyCount "92"]

1. e4 e5 2. Nf3 Nc6 3. Nc3 Nf6 4. Nxe5 Nxe5 5. d4 Ng6 6. e5 Ng8 7. Bc4 Bb4 8.
Qf3 Qe7 9. O-O Bxc3 10. bxc3 Nh6 11. Re1 O-O 12. Bxh6 gxh6 13. Rab1 d6 14. Bd5
c6 15. Bxc6 bxc6 16. Qxc6 Bd7 17. Qxd6 Qxd6 18. exd6 Be6 19. Rbd1 Bxa2 20. Ra1
Be6 21. Ra6 Rfc8 22. Re3 Nf4 23. Kh1 Nd5 24. Rg3+ Kf8 25. d7 Bxd7 26. Rxh6 a5
27. Rxh7 Ke7 28. h3 a4 29. Rh5 Be6 30. c4 Rxc4 31. Ra3 Rxc2 32. Kg1 Rc3 33. Ra1
a3 34. Re5 a2 35. Kh2 Rc2 36. Kg1 Rb8 37. Ree1 Rbb2 38. Rf1 Nf4 39. Kh2 Bd5 40.
Kg3 Ne2+ 41. Kh4 Bxg2 42. Rfd1 Kf6 43. f4 Rc8 44. Kg4 Rg8+ 45. Kh4 Bf3 46. Re1
Rh8# 0-1

[Event "?"]
[Site "ICC 2 12 10/09/97, Internet C"]
[Date "1997.??.??"]
[Round "?"]
[White "Brause"]
[Black "apollo"]
[Result "1-0"]
[WhiteElo "2505"]
[BlackElo "1950"]
[PlyCount "31"]

1. e4 e5 2. Nf3 Nc6 3. Nc3 Nf6 4. Nxe5 Nxe5 5. d4 Bb4 6. dxe5 Bxc3+ 7. bxc3
Nxe4 8. Qg4 Nxc3 9. Qxg7 Rf8 10. Bg5 f6 11. Bxf6 Rxf6 12. exf6 d5 13. f7+ Kd7
14. f8=Q+ Qe7+ 15. Qfxe7+ Kc6 16. Qxc7# 1-0

[Event "?"]
[Site "ICC 2 10 09/04/97, Internet C"]
[Date "1997.??.??"]
[Round "?"]
[White "Brause"]
[Black "brit"]
[Result "1-0"]
[WhiteElo "2505"]
[BlackElo "2045"]
[PlyCount "58"]

1. e4 e5 2. Nf3 Nc6 3. Nc3 Nf6 4. Nxe5 Nxe5 5. d4 Ng6 6. e5 Ng8 7. Bc4 Bb4 8.
Qf3 f5 9. h4 d5 10. Qxd5 Qxd5 11. Bxd5 c6 12. Bf3 Be6 13. a3 Bxc3+ 14. bxc3
N8e7 15. h5 Nf8 16. h6 g6 17. Bg5 Nd7 18. Rb1 Rb8 19. O-O Bc4 20. e6 Nb6 21.
Bf4 Rc8 22. Rfe1 O-O 23. a4 Ned5 24. Bxd5 Nxd5 25. Bd6 Nxc3 26. Rxb7 Rfe8 27.
Rg7+ Kh8 28. Be5 Rxe6 29. Rc7+ Rxe5 1-0

[Event "?"]
[Site "ICC 2 10 09/04/97, Internet C"]
[Date "1997.??.??"]
[Round "?"]
[White "Brause"]
[Black "brit"]
[Result "1-0"]
[WhiteElo "2510"]
[BlackElo "2045"]
[PlyCount "99"]

1. e4 e5 2. Nf3 Nc6 3. Nc3 Nf6 4. Nxe5 Nxe5 5. d4 Ng6 6. e5 Ng8 7. Bc4 Bb4 8.
Qf3 f5 9. h4 d5 10. Qxd5 Qxd5 11. Bxd5 c6 12. Bb3 Nf8 13. a3 Bxc3+ 14. bxc3 Be6
15. O-O Ne7 16. a4 Nd5 17. Bd2 a5 18. Rab1 O-O-O 19. Rb2 Nd7 20. Rfb1 b6 21. c4
Nb4 22. Bg5 Rde8 23. Rd1 h6 24. Bf4 Bf7 25. c3 Na6 26. Be3 Bh5 27. Rdb1 c5 28.
f4 Kb7 29. Bc2 Bg4 30. dxc5 Naxc5 31. Bxc5 Nxc5 32. Rxb6+ Kc7 33. R6b5 Ne4 34.
Bxe4 fxe4 35. Rc5+ Kd8 36. Rb8+ Ke7 37. Rb7+ Kf8 38. Rxa5 e3 39. Raa7 Rd8 40.
Rf7+ Kg8 41. Rxg7+ Kf8 42. Rgf7+ Kg8 43. Rfe7 e2 44. Kf2 h5 45. Rg7+ Kf8 46.
Rgc7 Rb8 47. f5 Ke8 48. Re7+ Kd8 49. Rf7 Rg8 50. e6 1-0

[Event "?"]
[Site "ICC 2 10 09/04/97, Internet C"]
[Date "1997.??.??"]
[Round "?"]
[White "Brause"]
[Black "brit"]
[Result "1-0"]
[WhiteElo "2510"]
[BlackElo "2040"]
[PlyCount "45"]

1. e4 e5 2. Nf3 Nc6 3. Nc3 Nf6 4. Nxe5 Nxe5 5. d4 Ng6 6. e5 Bb4 7. exf6 Qxf6 8.
Bc4 O-O 9. O-O Bxc3 10. bxc3 d6 11. Rb1 b6 12. Be3 Be6 13. Bb3 Bxb3 14. cxb3
Rfe8 15. Qh5 Re4 16. Qd5 Rae8 17. Qb7 Qh4 18. Qxc7 Qf6 19. Qxa7 Nh4 20. Qd7
Nf3+ 21. gxf3 Qxf3 22. h3 R4e6 23. Kh2 1-0

[Event "?"]
[Site "ICC 2 10 09/04/97, Internet C"]
[Date "1997.??.??"]
[Round "?"]
[White "Brause"]
[Black "brit"]
[Result "1-0"]
[WhiteElo "2510"]
[BlackElo "2040"]
[PlyCount "69"]

1. e4 e5 2. Nf3 Nf6 3. Nc3 Nc6 4. Nxe5 Nxe5 5. d4 Ng6 6. e5 Ng8 7. Bc4 Bb4 8.
Qf3 f5 9. h4 d5 10. Qxd5 Qxd5 11. Bxd5 c6 12. Bb3 Nf8 13. a3 Bxc3+ 14. bxc3 Be6
15. O-O b5 16. a4 Bc4 17. Bxc4 bxc4 18. Rb1 Nd7 19. Rb7 Ne7 20. e6 Nf6 21. Bg5
Nfd5 22. Re1 Kd8 23. Rd7+ Ke8 24. Rb1 h6 25. Rxa7 Rc8 26. Bxe7 Nxe7 27. Rbb7
Nd5 28. Rxg7 Nxc3 29. Rge7+ Kf8 30. Red7 Ne4 31. Rd8+ Rxd8 32. e7+ Ke8 33.
exd8=Q+ Kxd8 34. Ra8+ Kc7 35. Rxh8 1-0

[Event "?"]
[Site "ICC 2 12 10/29/97, Internet C"]
[Date "1997.??.??"]
[Round "?"]
[White "Brause"]
[Black "DrTarrasch"]
[Result "1-0"]
[WhiteElo "2535"]
[BlackElo "2330"]
[PlyCount "75"]

1. e4 e5 2. Nf3 Nc6 3. Nc3 Nf6 4. Nxe5 Nxe5 5. d4 Ng6 6. e5 Ng8 7. Bc4 Bb4 8.
Qf3 Qe7 9. O-O Bxc3 10. bxc3 Nh6 11. Rb1 c6 12. Rb3 O-O 13. Ba3 Qe8 14. Bxf8
Qxf8 15. Re1 Qe7 16. Rbb1 Rb8 17. h3 b5 18. Bd3 Bb7 19. c4 a6 20. c5 Rf8 21. c4
Ra8 22. cxb5 axb5 23. Bxb5 Rxa2 24. Bc4 Ra7 25. Qe4 Kh8 26. Rb4 Ng8 27. Qb1 Ba8
28. Rb8 h6 29. Rxg8+ Kxg8 30. Qb8+ Kh7 31. Qxa7 Qg5 32. Bd3 Qd2 33. Bxg6+ Kxg6
34. Re4 h5 35. Qxa8 Qc1+ 36. Kh2 Qc2 37. f3 Qf2 38. Qa7 1-0

[Event "?"]
[Site "ICC 2 12 10/29/97, Internet C"]
[Date "1997.??.??"]
[Round "?"]
[White "Brause"]
[Black "DrTarrasch"]
[Result "0-1"]
[WhiteElo "2545"]
[BlackElo "2325"]
[PlyCount "117"]

1. e4 e5 2. Nf3 Nc6 3. Nc3 Nf6 4. Nxe5 Nxe5 5. d4 Ng6 6. e5 Ng8 7. Bc4 Bb4 8.
Qf3 Qe7 9. O-O Bxc3 10. bxc3 Nh6 11. Rb1 O-O 12. Bd5 c6 13. Bb3 d5 14. c4 Bg4
15. Qc3 Be6 16. cxd5 cxd5 17. Qa5 b6 18. Qb5 Rfd8 19. Bd2 Nf5 20. c3 Qh4 21. a4
Nf4 22. a5 Nxg2 23. axb6 axb6 24. Qxb6 Nf4 25. Bxf4 Qxf4 26. Bd1 Nh4 27. Re1
Qg5+ 28. Kf1 Qd2 29. Re3 Bf5 30. Qb2 Ra2 31. Qxd2 Rxd2 32. Ra1 g5 33. Rg3 h6
34. Ke1 Rb2 35. Ra6 Ng6 36. Bf3 Be6 37. Bd1 Rdb8 38. Ra7 Rb1 39. Ra2 Rc1 40.
Kd2 Rbb1 41. Bc2 Ra1 42. Rxa1 Rxa1 43. Bxg6 fxg6 44. h4 g4 45. f3 h5 46. fxg4
hxg4 47. Ke2 Kh7 48. Rg2 Ra2+ 49. Kf1 Rxg2 50. Kxg2 Kh6 51. Kf2 Kh5 52. Kg3 g5
53. hxg5 Kxg5 54. Kf2 Kf4 55. Kg2 g3 56. Kf1 Kf3 57. Ke1 g2 58. Kd2 g1=Q 59.
Kc2 0-1

[Event "?"]
[Site "ICC 2 12 10/29/97, Internet C"]
[Date "1997.??.??"]
[Round "?"]
[White "Brause"]
[Black "sekere"]
[Result "0-1"]
[WhiteElo "2535"]
[BlackElo "2000"]
[PlyCount "111"]

1. e4 e5 2. Nf3 Nc6 3. Nc3 Nf6 4. Nxe5 Nxe5 5. d4 Nc6 6. d5 Ne5 7. f4 Bb4 8.
fxe5 Nxe4 9. Qd4 Bxc3+ 10. bxc3 f5 11. exf6 Nxf6 12. Ba3 d6 13. Qe3+ Kf7 14.
O-O-O Re8 15. Qf2 Kg8 16. Rd4 Re5 17. c4 Bf5 18. Bb2 Bg6 19. Rf4 Ne4 20. Qe3
Re7 21. Kd1 Qd7 22. Rg1 Rae8 23. Qxa7 b6 24. Bd4 Nc5 25. Qa3 Re1+ 26. Kd2 Qe7
27. Qf3 Rb1 28. Be2 Ne4+ 29. Qxe4 Bxe4 30. Rxb1 Bxg2 31. Bd3 Qg5 32. Be3 Rxe3
33. Kxe3 Qe5+ 34. Kf2 Qxf4+ 35. Kxg2 g5 36. Re1 h5 37. Re4 Qf6 38. Re6 Qf4 39.
Re4 Qf7 40. Re6 Kg7 41. Rg6+ Qxg6 42. Bxg6 Kxg6 43. Kf3 Kf5 44. c3 g4+ 45. Kg3
Kg5 46. Kf2 Kf4 47. c5 dxc5 48. Ke2 Ke4 49. a3 h4 50. a4 Kxd5 51. Ke3 Kc4 52.
Kf4 g3 53. hxg3 hxg3 54. Kxg3 Kxc3 55. Kg4 Kb4 56. Kf4 0-1

[Event "?"]
[Site "ICC 2 12 09/22/97, Internet C"]
[Date "1997.??.??"]
[Round "?"]
[White "Brause"]
[Black "RBandi"]
[Result "1-0"]
[WhiteElo "2510"]
[BlackElo "2050"]
[PlyCount "44"]

1. e4 e5 2. Nf3 Nc6 3. Nc3 Nf6 4. Nxe5 Nxe5 5. d4 Ng6 6. e5 Bb4 7. exf6 Qxf6 8.
Qe2+ Ne7 9. Qc4 Bxc3+ 10. bxc3 Qc6 11. Qxc6 dxc6 12. Bd3 O-O 13. O-O Bf5 14.
Bxf5 Nxf5 15. Bf4 Nd6 16. Rab1 b6 17. f3 Rfe8 18. Kf2 Re6 19. Rfe1 Rae8 20.
Rxe6 Rxe6 21. Rb4 Nb5 22. d5 Nxc3 1-0

[Event "?"]
[Site "ICC 2 12 09/22/97, Internet C"]
[Date "1997.??.??"]
[Round "?"]
[White "Brause"]
[Black "flyx"]
[Result "1-0"]
[WhiteElo "2515"]
[BlackElo "1960"]
[PlyCount "35"]

1. e4 e5 2. Nf3 Nc6 3. Nc3 Nf6 4. Nxe5 Nxe5 5. d4 Neg4 6. e5 Qe7 7. Be2 Nxf2 8.
Kxf2 Ng8 9. Nd5 Qd8 10. Qd3 c6 11. Bg5 Be7 12. Nxe7 Nxe7 13. Qe4 h6 14. Bf4 O-O
15. Bc4 b5 16. Bxb5 Ng6 17. Bd3 Nxf4 18. Qh7# 1-0

[Event "?"]
[Site "ICC 2 12 09/22/97, Internet C"]
[Date "1997.??.??"]
[Round "?"]
[White "Brause"]
[Black "DrTarrasch"]
[Result "1-0"]
[WhiteElo "2575"]
[BlackElo "2190"]
[PlyCount "28"]

1. e4 e5 2. Nf3 Nc6 3. Nc3 Nf6 4. Nxe5 Nxe5 5. d4 Ng6 6. e5 Ng8 7. Bc4 d6 8.
Qf3 Qd7 9. O-O Qf5 10. Qe2 Be7 11. exd6 cxd6 12. Nd5 Qd7 13. Bb5 Nf6 14. Bxd7+
Bxd7 1-0

[Event "?"]
[Site "ICC 2 12 09/22/97, Internet C"]
[Date "1997.??.??"]
[Round "?"]
[White "Brause"]
[Black "DrTarrasch"]
[Result "1-0"]
[WhiteElo "2580"]
[BlackElo "2185"]
[PlyCount "39"]

1. e4 e5 2. Nf3 Nc6 3. Nc3 Nf6 4. Nxe5 Nxe5 5. d4 Ng6 6. e5 Ng8 7. Bc4 Bb4 8.
Qf3 Qe7 9. O-O Bxc3 10. bxc3 Nh6 11. g3 O-O 12. Qh5 d6 13. Bxh6 gxh6 14. f4
dxe5 15. f5 Bxf5 16. Qxf5 exd4 17. Rae1 Qd6 18. Bxf7+ Kg7 19. Re6 Qd8 20. Rxg6+
1-0

[Event "?"]
[Site "ICC 2 12 09/22/97, Internet C"]
[Date "1997.??.??"]
[Round "?"]
[White "Brause"]
[Black "DrTarrasch"]
[Result "1-0"]
[WhiteElo "2585"]
[BlackElo "2185"]
[PlyCount "119"]

1. e4 e5 2. Nf3 Nc6 3. Nc3 Nf6 4. Nxe5 Nxe5 5. d4 Ng6 6. e5 Ng8 7. Bc4 Bb4 8.
Qf3 Qe7 9. O-O Bxc3 10. bxc3 Nh6 11. g3 Ng4 12. Qxg4 d5 13. exd6 Bxg4 14. dxe7
Nxe7 15. Bf4 O-O 16. f3 Bf5 17. Rab1 b6 18. g4 Bxc2 19. Rb2 Ba4 20. Re1 Ng6 21.
Bxc7 Rac8 22. Rb4 b5 23. Bd6 Rxc4 24. Bxf8 Kxf8 25. Rxc4 bxc4 26. Kg2 Nf4+ 27.
Kg3 Nd5 28. Rc1 Ke7 29. f4 Kd6 30. h3 f6 31. f5 g6 32. fxg6 hxg6 33. h4 Be8 34.
Kf2 Nc7 35. Rg1 Kd5 36. Re1 Ne6 37. g5 fxg5 38. hxg5 Bd7 39. Re5+ Kd6 40. Ke3
a6 41. Kd2 Nc7 42. Ra5 Bb5 43. a4 Bd7 44. Kc2 Bf5+ 45. Kc1 Bd3 46. Kd1 Be4 47.
Kd2 Bc6 48. Kc1 Bb7 49. Kb2 Be4 50. Re5 Bc6 51. a5 Bd7 52. Re1 Bf5 53. Re5 Nd5
54. Re8 Kc6 55. Rb8 Nc7 56. Rb6+ Kd5 57. Ka3 Ke4 58. Rc6 Nb5+ 59. Kb4 Kd3 60.
Rxc4 1-0

[Event "?"]
[Site "ICC 2 12 09/22/97, Internet C"]
[Date "1997.??.??"]
[Round "?"]
[White "Brause"]
[Black "DrTarrasch"]
[Result "0-1"]
[WhiteElo "2585"]
[BlackElo "2180"]
[PlyCount "113"]

1. e4 e5 2. Nf3 Nc6 3. Nc3 Nf6 4. Nxe5 Nxe5 5. d4 Ng6 6. e5 Ng8 7. Bc4 Bb4 8.
Qf3 Qe7 9. O-O Bxc3 10. bxc3 Nh6 11. g3 O-O 12. Qh5 d5 13. Bxd5 Bg4 14. Qg5
Qxg5 15. Bxg5 c6 16. Bg2 Be2 17. Rfe1 Bc4 18. f4 Rfe8 19. Bxh6 gxh6 20. f5 Ne7
21. f6 Nd5 22. Bxd5 Bxd5 23. Rab1 b5 24. a4 a6 25. Kf2 h5 26. Ke3 h6 27. Kf4
Kh7 28. Ra1 Kg6 29. Ra3 Kh7 30. Rea1 Rac8 31. Ke3 Kg6 32. axb5 cxb5 33. Kd3 Bb7
34. Rxa6 Bxa6 35. Rxa6 Re6 36. Ra3 Kf5 37. Rb3 Rec6 38. Ra3 Rc4 39. Rb3 Kg4 40.
Kd2 Kh3 41. Rxb5 Rxc3 42. Rb7 Rxc2+ 43. Kd3 Kg4 44. Ke3 Kf5 45. Rb3 R8c3+ 46.
Rxc3 Rxc3+ 47. Kd2 Ra3 48. Ke2 Ke4 49. Kf2 Kxd4 50. e6 fxe6 51. f7 Ra8 52. Kg1
Rf8 53. Kf2 Rxf7+ 54. Ke2 e5 55. h3 e4 56. Kd2 Rf2+ 57. Kd1 0-1

[Event "?"]
[Site "ICC 2 12 09/22/97, Internet C"]
[Date "1997.??.??"]
[Round "?"]
[White "Brause"]
[Black "DrTarrasch"]
[Result "1-0"]
[WhiteElo "2555"]
[BlackElo "2210"]
[PlyCount "105"]

1. e4 e5 2. Nf3 Nc6 3. Nc3 Nf6 4. Nxe5 Nxe5 5. d4 Ng6 6. e5 Ng8 7. Bc4 Bb4 8.
Qf3 Qe7 9. O-O Bxc3 10. bxc3 Nh6 11. g3 O-O 12. Qh5 d5 13. Bxd5 Bg4 14. Qg5
Qxg5 15. Bxg5 c6 16. Bg2 Be2 17. Rfe1 Bc4 18. f4 Rfe8 19. Bxh6 gxh6 20. f5 Ne7
21. f6 Nd5 22. Bxd5 Bxd5 23. Rab1 b5 24. a4 a6 25. Kf2 Reb8 26. Ra1 b4 27. Re3
Kf8 28. g4 Ke8 29. a5 Kd7 30. Rh3 bxc3 31. Rxc3 Rb2 32. Ke3 Rg8 33. Kf4 Rgb8
34. Ra4 Rb1 35. Rh3 R8b2 36. Rxh6 Rxc2 37. Rxh7 Rg2 38. h3 Rb3 39. Kg5 Rgg3 40.
Rh8 Rxh3 41. Ra8 Rb7 42. Rxa6 Be6 43. Ra8 Rg3 44. d5 Bxd5 45. a6 Rc7 46. a7 c5
47. Rf8 Ke6 48. Re8+ Kd7 49. Re7+ Kd8 50. a8=Q+ Bxa8 51. Rxa8+ Rc8 52. Raa7 Rb8
53. Rxf7 1-0

[Event "?"]
[Site "ICC 2 12 09/22/97, Internet C"]
[Date "1997.??.??"]
[Round "?"]
[White "Brause"]
[Black "Braincan"]
[Result "1-0"]
[WhiteElo "2540"]
[BlackElo "2680"]
[PlyCount "83"]

1. e4 e5 2. Nf3 Nf6 3. Nc3 Nc6 4. Nxe5 Nxe5 5. d4 Nc6 6. d5 Ne5 7. f4 Ng6 8. e5
Ng8 9. d6 cxd6 10. exd6 Qh4+ 11. g3 Qf6 12. Nb5 Kd8 13. Be3 b6 14. Nxa7 Qxb2
15. Rb1 Qxa2 16. Bxb6+ Ke8 17. Nb5 Bb7 18. Nc7+ Kd8 19. Ra1 Kc8 20. Rxa2 Rxa2
21. Rg1 Ra4 22. Bb5 Re4+ 23. Kf1 Nf6 24. Qd2 Bc6 25. Ba6+ Kd8 26. Ne6+ Ke8 27.
Nc5 Re6 28. Nxe6 fxe6 29. Bd3 Kf7 30. c4 Ne4 31. Bxe4 Bxe4 32. Qd4 Bc6 33. c5
h5 34. Kf2 Rh6 35. Ke3 h4 36. g4 h3 37. Bd8 Nh4 38. Rg3 Rh8 39. Ke2 Bg2 40. f5
Ke8 41. Bxh4 Rxh4 42. fxe6 1-0

[Event "?"]
[Site "ICC 2 12 09/05/97, Internet C"]
[Date "1997.??.??"]
[Round "?"]
[White "Brause"]
[Black "chessmsater"]
[Result "1/2-1/2"]
[WhiteElo "2500"]
[BlackElo "2125"]
[PlyCount "91"]

1. e4 e5 2. Nf3 Nf6 3. Nc3 Nc6 4. Nxe5 Nxe5 5. d4 Ng6 6. e5 Ng8 7. Bc4 d6 8.
Qf3 f5 9. e6 Qf6 10. O-O c6 11. d5 Ne5 12. Qh5+ Qg6 13. Qxg6+ hxg6 14. Bb3 Be7
15. Bf4 g5 16. Bxe5 dxe5 17. Rad1 cxd5 18. Nb5 Bxe6 19. Nc7+ Kd7 20. Nxa8 Nf6
21. c4 Rxa8 22. cxd5 Bf7 23. h3 Rc8 24. Rd3 Kd6 25. f3 Nxd5 26. Bxd5 Bxd5 27.
Rfd1 Rc5 28. b4 Rb5 29. a4 Rxb4 30. Rxd5+ Ke6 31. Rd7 a5 32. Rc7 Rxa4 33. Rxb7
Bc5+ 34. Kh2 g6 35. Rg7 Kf6 36. Rc7 Rd4 37. Rc6+ Kf7 38. Rxd4 Bxd4 39. Kg3 Kg7
40. Rc7+ Kh6 41. Rc8 Bb2 42. Rc4 Kh5 43. Rc8 Kh6 44. Rc4 Ba3 45. Kf2 Bb2 46.
Kg3 1/2-1/2

[Event "?"]
[Site "ICC 2 12 09/05/97, Internet C"]
[Date "1997.??.??"]
[Round "?"]
[White "Brause"]
[Black "roadbiker"]
[Result "1-0"]
[WhiteElo "2440"]
[BlackElo "1910"]
[PlyCount "33"]

1. e4 e5 2. Nf3 Nc6 3. Nc3 Nf6 4. Nxe5 Nxe5 5. d4 Nc6 6. d5 Nb8 7. e5 Ng8 8. d6
cxd6 9. exd6 Qf6 10. Nb5 Na6 11. Bc4 Nh6 12. O-O g6 13. Re1+ Kd8 14. Qe2 Bg7
15. Qe7+ Qxe7 16. dxe7+ Ke8 17. Nd6# 1-0

[Event "?"]
[Site "ICC 2 12 09/05/97, Internet C"]
[Date "1997.??.??"]
[Round "?"]
[White "Brause"]
[Black "roadbiker"]
[Result "1-0"]
[WhiteElo "2440"]
[BlackElo "1925"]
[PlyCount "32"]

1. e4 e5 2. Nf3 Nc6 3. Nc3 Nf6 4. Nxe5 Nxe5 5. d4 Ng6 6. e5 Ng8 7. Bc4 Bb4 8.
Qf3 Bxc3+ 9. bxc3 Qe7 10. O-O Nh6 11. g3 O-O 12. Qh5 d6 13. Bxh6 gxh6 14. f4
Be6 15. f5 Bxc4 16. f6 Bxf1 1-0

[Event "?"]
[Site "ICC 2 12 09/05/97, Internet C"]
[Date "1997.??.??"]
[Round "?"]
[White "Brause"]
[Black "roadbiker"]
[Result "1-0"]
[WhiteElo "2440"]
[BlackElo "1935"]
[PlyCount "81"]

1. e4 e5 2. Nf3 Nc6 3. Nc3 Nf6 4. Nxe5 Nxe5 5. d4 Ng6 6. e5 Ng8 7. Bc4 Bb4 8.
Qf3 Bxc3+ 9. bxc3 d5 10. Bxd5 Be6 11. Bxb7 Rb8 12. Bc6+ Kf8 13. Ba3+ N8e7 14.
O-O h5 15. Be4 Kg8 16. Bc5 a6 17. Qe2 Bd5 18. f4 Bxe4 19. Qxe4 Qd5 20. Qd3 Qc6
21. f5 Nh4 22. Qh3 Nhxf5 23. Rxf5 Nxf5 24. Qxf5 Qg6 25. Qxg6 fxg6 26. Rf1 g5
27. Bb4 Rh6 28. h3 a5 29. Bxa5 Ra6 30. Bxc7 Rc8 31. Bd6 Rxa2 32. Rf2 Rxc3 33.
Rf8+ Kh7 34. e6 Rcxc2 35. e7 Rxg2+ 36. Kf1 Rgc2 37. Bg3 Ra1+ 38. Be1 Rh2 39.
e8=Q Rh1+ 40. Kg2 Rhxe1 41. Qxh5# 1-0

[Event "?"]
[Site "ICC 2 12 09/05/97, Internet C"]
[Date "1997.??.??"]
[Round "?"]
[White "Brause"]
[Black "Qzzq"]
[Result "1/2-1/2"]
[WhiteElo "2405"]
[BlackElo "2360"]
[PlyCount "106"]

1. e4 e5 2. Nf3 Nf6 3. Nc3 Nc6 4. Nxe5 Nxe5 5. d4 Ng6 6. e5 Ng8 7. Bc4 d6 8.
Qf3 Qd7 9. O-O dxe5 10. dxe5 Nxe5 11. Re1 Bd6 12. Bf4 f6 13. Bb5 c6 14. Bc4 Qc7
15. Qh5+ Kf8 16. Ne4 g6 17. Bh6+ Ke8 18. Qh4 g5 19. Nxd6+ Qxd6 20. Qh5+ Kd8 21.
Rxe5 Qxe5 22. Bg7 Be6 23. Bxe6 Qxe6 24. Bxh8 h6 25. Bg7 Qe7 26. Qg6 Kc7 27.
Bxh6 Nxh6 28. Qxh6 Rd8 29. Rf1 Rd2 30. Qg6 b6 31. a4 a6 32. b3 Kb7 33. c4 a5
34. Qb1 Qe5 35. Qh7+ Ka8 36. Qh8+ Kb7 37. Qg7+ Kb8 38. Qf8+ Kb7 39. b4 axb4 40.
Qxb4 Ra2 41. Qb3 Rd2 42. Qb1 f5 43. Qb4 Re2 44. Qf8 Re1 45. Qf7+ Ka6 46. g3 Qe2
47. Rxe1 Qxe1+ 48. Kg2 Qe4+ 49. Kf1 Qb1+ 50. Kg2 Qe4+ 51. Kh3 Qf3 52. Qf8 Ka5
53. Qc5+ bxc5 1/2-1/2

[Event "?"]
[Site "ICC 2 12 09/05/97, Internet C"]
[Date "1997.??.??"]
[Round "?"]
[White "Brause"]
[Black "chessmsater"]
[Result "1-0"]
[WhiteElo "2490"]
[BlackElo "2135"]
[PlyCount "105"]

1. e4 e5 2. Nf3 Nc6 3. Nc3 Nf6 4. Nxe5 Nxe5 5. d4 Ng6 6. e5 Ng8 7. Bc4 d6 8.
Qf3 f5 9. e6 Qf6 10. O-O c6 11. d5 Ne5 12. Qh5+ Qg6 13. Qxg6+ Nxg6 14. Bd2 Nf6
15. Bd3 Ne5 16. Bxf5 Nxd5 17. Nxd5 cxd5 18. Rad1 b6 19. Be3 Be7 20. Rxd5 O-O
21. Bh3 Ba6 22. Rfd1 Be2 23. Re1 Bc4 24. Rd4 Ba6 25. b3 Nc6 26. Rd2 Rac8 27. c4
b5 28. cxb5 Bxb5 29. Red1 a5 30. Rd5 Ba6 31. Bg5 Be2 32. Re1 Bxg5 33. Rxg5 Ne7
34. Rxa5 Rc7 35. f3 Bd3 36. Rd1 Bf5 37. Bxf5 Nxf5 38. Re1 Ne7 39. b4 Nc6 40.
Rb5 Rfc8 41. Rb6 d5 42. Rd1 Rd8 43. Rc1 Rdc8 44. b5 Ne7 45. Rxc7 Rxc7 46. Rb8+
Rc8 47. Rxc8+ Nxc8 48. a4 Nd6 49. Kf2 Nc4 50. f4 Kf8 51. f5 Ke7 52. g4 h6 53.
h4 1-0

[Event "?"]
[Site "ICC 2 10 08/27/97, Internet C"]
[Date "1997.??.??"]
[Round "?"]
[White "Brause"]
[Black "panatha"]
[Result "1-0"]
[WhiteElo "2380"]
[BlackElo "1955"]
[PlyCount "53"]

1. e4 e5 2. Nf3 Nc6 3. Nc3 Nf6 4. Nxe5 Nxe5 5. d4 d5 6. dxe5 Nxe4 7. Qxd5 Nxc3
8. Qxd8+ Kxd8 9. bxc3 Bf5 10. Bd3 Be6 11. O-O Bc5 12. a4 Ke7 13. Rb1 b6 14.
Bg5+ f6 15. exf6+ gxf6 16. Bf4 h5 17. Rfe1 Kf7 18. Bxc7 Rhg8 19. a5 Rac8 20.
axb6 Bxb6 21. Bxb6 axb6 22. Rxb6 Bd5 23. g3 Rxc3 24. Rd6 Rc5 25. Rd7+ Kf8 26.
Rb1 Rc8 27. Rxd5 1-0

[Event "?"]
[Site "ICC 2 10 08/27/97, Internet C"]
[Date "1997.??.??"]
[Round "?"]
[White "Brause"]
[Black "xypher"]
[Result "1-0"]
[WhiteElo "2380"]
[BlackElo "2560"]
[PlyCount "106"]

1. e4 e5 2. Nf3 Nc6 3. Nc3 Nf6 4. Nxe5 Nxe5 5. d4 Nc6 6. d5 Ne5 7. f4 Ng6 8. e5
Nxd5 9. Qxd5 Bb4 10. Qc4 a5 11. Bd2 O-O 12. O-O-O d6 13. Qe4 Re8 14. a3 Bc5 15.
Na4 Bf2 16. Qf3 Bd4 17. exd6 Qxd6 18. Kb1 Qf6 19. Bc4 Bd7 20. Nc3 Bc6 21. Bd5
Ra6 22. Rhe1 Rd8 23. Bxc6 Rxc6 24. f5 Ne5 25. Qg3 h6 26. Bxh6 Qxh6 27. Rxe5
Rcd6 28. Rxa5 Bxc3 29. Rxd6 Qxd6 30. Qxd6 Rxd6 31. bxc3 f6 32. Ra7 Rb6+ 33. Kc1
Kf7 34. a4 Ke7 35. a5 Rb5 36. a6 bxa6 37. Rxc7+ Kf8 38. g4 Re5 39. Ra7 Re4 40.
h3 Re3 41. Rxa6 Rxh3 42. Kb2 Rg3 43. Ra4 g6 44. Rd4 gxf5 45. gxf5 Rf3 46. Rd5
Rf4 47. Kb3 Rf3 48. Kb4 Rf2 49. c4 Rxc2 50. c5 Ke7 51. Kb5 Rb2+ 52. Ka6 Ra2+
53. Kb7 Rb2+ 1-0

[Event "?"]
[Site "ICC 2 10 08/27/97, Internet C"]
[Date "1997.??.??"]
[Round "?"]
[White "Brause"]
[Black "DoctorR"]
[Result "1-0"]
[WhiteElo "2425"]
[BlackElo "1900"]
[PlyCount "36"]

1. e4 e5 2. Nf3 Nc6 3. Nc3 Nf6 4. Nxe5 Nxe5 5. d4 Nc6 6. d5 Nb8 7. e5 Ng8 8. d6
c6 9. Bc4 Qh4 10. Bb3 b5 11. O-O Na6 12. Qf3 f6 13. Re1 Kd8 14. Re4 Qxe4 15.
Nxe4 Bb7 16. exf6 c5 17. fxg7 Bxg7 18. Qf7 Bd4 1-0